UBT Library

Jeff Allen's best. (Record no. 41177)

000 -LEADER
fixed length control field 00734cam a2200253 a 4500
001 - CONTROL NUMBER
control field 2942107
005 - DATE AND TIME OF LATEST TRANSACTION
control field 20180129080901.0
008 - FIXED-LENGTH DATA ELEMENTS--GENERAL INFORMATION
fixed length control field 900306s1990 nyua b 001 0 eng
010 ## - LIBRARY OF CONGRESS CONTROL NUMBER
LC control number 90012217
020 ## - INTERNATIONAL STANDARD BOOK NUMBER
International Standard Book Number 0471525375 (alk. paper)
020 ## - INTERNATIONAL STANDARD BOOK NUMBER
International Standard Book Number 0471525367 (pbk. : alk. paper)
040 ## - CATALOGING SOURCE
Original cataloging agency DLC
Transcribing agency DLC
Modifying agency DLC
041 ## - LANGUAGE CODE
Language code of text/sound track or separate title eng
080 ## - UNIVERSAL DECIMAL CLASSIFICATION NUMBER
Universal Decimal Classification number 650.14
082 00 - DEWEY DECIMAL CLASSIFICATION NUMBER
Classification number 650.14 ALL
Edition number 20
100 1# - Rafti
Rafti 52
101 ## - Shkurtesa
Shkurtesa PUN
240 10 - UNIFORM TITLE
Uniform title <a href="Jeff Allen's best.">Jeff Allen's best.</a>
Name of part/section of a work Resume
245 10 - TITLE STATEMENT
Title Jeff Allen's best.
Name of part/section of a work The resume /
Statement of responsibility, etc Jeffrey G. Allen.
504 ## - BIBLIOGRAPHY, ETC. NOTE
Bibliography, etc Includes bibliographical references (p. 139) and index.
906 ## - LOCAL DATA ELEMENT F, LDF (RLIN)
a 7
b cbc
c orignew
d 1
e ocip
f 19
g y-gencatlg
942 ## - ADDED ENTRY ELEMENTS (KOHA)
Source of classification or shelving scheme
Item type Books
Holdings
Withdrawn status Lost status Source of classification or shelving scheme Damaged status Not for loan Collection code Permanent location Current location Shelving location Date acquired Total Checkouts Full call number Barcode Date last seen Price effective from Koha item type
          Koleksioni i përgjithshem UBT - Lipjan UBT - Lipjan Koleksioni i përgjithshem 01/29/2018   650.14 ALL 002-2996864 01/29/2018 01/29/2018 Books
UBT Library © 2015-2024. All rights reserved University Education for Business and Technology